000 00734nam a22001937a 4500
003 OSt
005 20240613161558.0
008 240613b ||||| |||| 00| 0 eng d
040 _cAIMIT LIBRARY
100 _aKini, K Karthik.
_e2116075
_9170677
245 _aAnalysis of stock performance of fmcg sector :
_bcomparsion of pre and post covid 19 era /
_cBy K Karthik Kini ; Guided by Vasantha G.
260 _aUdupi ;
_c2023.
650 _aLiterature review objectives
_9170678
650 _aResearch methodology
_9170679
650 _aData analysis and interpretations
_9170680
700 _aG Vasantha.
_eGuide
_9170681
856 _3Anandrathi share and stock brokers ltd
_uwww.anandrathi.com
_ywww.anandrathi.com
942 _2ddc
_cPRO
999 _c231168
_d231168